10 largest cities in Japan - Statistics

General Stats
  • This quiz has been taken 48 times
  • The average score is 6 of 10
Answer Stats
Population (in mio) Answer % Correct
9,74 Tokyo
100%
1,46 Kyoto
78%
1,98 Sapporo
75%
2,33 Nagoya
72%
3,78 Yokohama
64%
1,53 Kobe
58%
1,61 Fukuoka
47%
1,54 Kawasaki
36%
1,32 Saitama
22%
2,75 Oasaka
6%
No matching quizzes found
Score Distribution
Percent of People with Each Score
Percentile by Number Answered
Your Score History
You have not taken this quiz